000 00855nam a2200205Ii 4500
003 JO-AjNU
008 230605s9999||||xx |||||||||||||| ||und||
040 _aJO-AjNU
_bara
_erda
_cJO-AjNU
041 _aara
050 1 4 _aPJ7631.M3422 1981
100 3 _aتصحيح وترتيب البروسي،وليم بن الورد,
_eauthor
_910140
245 0 0 _aمجموعة أشعار العرب وهو مشتمل على الأصمعيات وبعض قصائد لغوية، الجزء الأول
250 _aط1
264 3 1 _aبيروت:دار الآفاق الجديدة،1981
300 _aج1، 110ص باللغة العربية/ 89ص باللغة الاتجليزية
336 _atext
_btxt
_2rdacontent
337 _aunmediated
_bn
_2rdamedia
338 _avolume
_bnc
_2rdacarrier
650 4 _a الشعر العربي - العصر الأموي 
_910141
999 _aA1656
_c5224
_d5224